Queens of the Stone Age Songs - Sudden Death - Statistics

General Stats
  • This quiz has been taken 57 times
  • The average score is 9 of 10
Answers on the Grid
Answers color-coded by a green-red scale on the quiz's grid according to % correct below.
Burn the Witch
Carbon Halo Waltz
Chrome-Throat Messiah
Crimson Dust Letter
Dead Radio Honeymoon
Desert Bloom Catastrophe
Dry Heat Revelation
Electric Fever Caravan
Ghost of the Gasoline Sun
Glasshouse Daydream Riot
Go With the Flow
Hologram Cowboy Lullaby
Honey on the Dust Trail
I Sat by the Ocean
If I Had a Tail
In My Head
Little Sister
Make It Wit Chu
Midnight Mirage Driver
Neon Vulture Serenade
No One Knows
Plastic Coyote Hymn
Sand & Sympathy
Sandstorm Lover Ritual
Slow Burn Carousel
Smooth Sailing
Static Tongue Serenade
The Way You Used to Do
Velvet Bones Ceremony
Wicked Heat Parade
 
Answer Stats
Answer % Correct
Go With the Flow
95%
Little Sister
95%
No One Knows
95%
Make It Wit Chu
93%
I Sat by the Ocean
88%
If I Had a Tail
83%
In My Head
83%
Burn the Witch
80%
The Way You Used to Do
80%
Smooth Sailing
75%
No matching quizzes found
Score Distribution
Percent of People with Each Score
Percentile by Number Answered
Your Score History
You have not taken this quiz